| 000 | 00602nam a22001935i 4500 | ||
|---|---|---|---|
| 001 | 166093 | ||
| 003 | ES-MaACL | ||
| 005 | 20250702211053.0 | ||
| 008 | 991019q18751900fr |||| | fre d | ||
| 040 |
_aCAM _bspa _cCAM |
||
| 100 | 1 |
_aTaxil, Léo. _9133151 |
|
| 245 | 1 | 3 |
_aLa corruption fin-de-siècle / _cLéo Taxil. |
| 260 |
_aParis : _bHenri Noirot, imprimeur-éditeur, _c[s.a.] |
||
| 300 |
_a425 p. ; _c18 cm. |
||
| 596 | 1 | _aProbablemente impreso a finales del S. XIX. | |
| 651 | 7 |
_aFrancia- _xUsos y costumbres _2 _9137186 |
|
| 852 |
_aES-MaACL _jD-1479 _z-- Rúst. |
||
| 999 |
_c166093 _d166093 |
||